000 00539nam a22001695i 4500
001 167973
003 ES-MaACL
005 20251005063132.0
008 940301s1864 fr |||| | fre d
040 _aAS
_bspa
100 1 _aWolowski, Louis,
_d1810-1876
_9154526
245 1 3 _aLa question des banques /
_cpar L. Wolowski.
260 _aParis :
_bLibrairie de Guillaumin et Cie.,
_c1864 (
_fTypographie Hennuyer et Fils)
300 _a592 p. ;
_c23 cm.
852 _aES-MaACL
_jG-14379
_z-- Enc. hol.
999 _c167973
_d167973